000 00877nam a2200229Ii 4500
003 JO-AjNU
008 230605s9999||||xx |||||||||||||| ||und||
017 _a2005/5/1000
020 _a9957-11-610-X
040 _aJO-AjNU
_bara
_erda
_cJO-AjNU
041 _aara
050 1 4 _aHD60.G3484.2010
100 3 _aالغالبي،طاهر محسن منصور/صالح مهدي محسن العامري,
_eauthor
_929260
245 0 0 _aالمسؤولية الاجتماعية واخلاقيات الاعمال:الاعمال والمجتمع=Social Responsibility &Business Ethics :Business &Society
250 _aط3
264 3 1 _aعمان:دار وائل للنشر والتوزيع،2010
300 _a467ص
336 _atext
_btxt
_2rdacontent
337 _aunmediated
_bn
_2rdamedia
338 _avolume
_bnc
_2rdacarrier
650 4 _aالاخلاق الادارية
_929261
999 _aA11452
_c15020
_d15020